[Event "Stay Safe Play From Home 229"]
[Site "Emanuel Lasker Arena"]
[Date "2020.06.16"]
[Round "6"]
[White "Lazieri3"]
[Black "little champs"]
[Result "0-1"]
[WhiteElo "2112"]
[BlackElo "2292"]
[Annotator "TA"]
[PlyCount "114"]
[EventDate "2020.06.16"]
[EventType "swiss (blitz)"]

{[%evp 10,114,72,68,83,60,69,59,106,83,159,102,86,45,75,29,51,47,91,69,76,39,126,127,128,116,110,18,28,0,0,0,0,-17,-22,-30,8,-11,83,0,54,-314,-319,-308,-312,-314,-310,-370,-389,-381,-375,-1091,-418,-825,-804,-868,-356,-513,-523,-589,-374,-366,-358,-690,-689,-669,-670,-641,-646,-651,-640,-735,-645,-897,-924,-5827,-5677,-5501,-5214,-29971,-29972,-29982,-29982,-29983,-29984,-29984,-29984,-29984,-29985,-29985,-29986,-29986,-29979,-29979,-29979,-29979,-29980,-29981,-29982,-29982,-29983,-29983,-29984,-29984,-29985,-29985,-29986]} 1. e4 c6 2. Nc3 d5 3. d4 dxe4 4. Nxe4 Nf6 5. Nxf6+ gxf6 6. Nf3 Bg7 {B16: Caro-Kann: Bronstein-Larsen Variation.} 7. Bf4 {[#]} O-O $146 ({Predecessor:} 7... Bg4) 8. Qd2 Qb6 {White is slightly better.} 9. c3 Bf5 (9... c5 $142) 10. Bc4 ({White should try} 10. Nh4 $1 {[%cal Rh4f5]} Be4 11. O-O-O) 10... Nd7 11. Bb3 e5 12. dxe5 {Black must now prevent Nh4.} fxe5 13. Be3 Qc7 14. O-O Rad8 15. Bh6 (15. Bxa7 $2 b6 $17) 15... Nf6 {[#]} ({Black should play} 15... Nc5 $14 16. Qg5 {[%mdl 64] Double Attack} Bg6) 16. Qg5 $1 $16 {[%csl Gh6][%cal Rg5g7][%mdl 576] Double Attack} Bg6 17. Bxg7 Kxg7 18. Nh4 (18. Rfe1 $16) 18... Ne4 $11 19. Nf5+ Kh8 20. Qg4 Nd2 $36 {[%mdl 2048] Black is pushing.} 21. Rfe1 Qd7 22. Ne3 ({Reject} 22. Rxe5 Nxb3 23. axb3 f6 $17) 22... f5 23. Qg5 f4 (23... Qg7 $1 $11) 24. Ng4 (24. Qxe5+ $16 Qg7 25. Nc4) 24... Rf5 (24... e4 $1 $11) 25. Qh6 $2 {[%mdl 8192] Loses the game.} (25. Qh4 $14 {was forced to keep a grip.} Nxb3 26. axb3) 25... Rh5 $19 26. Nxe5 {[%csl Gh6][%cal Re5g6]} Rxh6 27. Nxd7 Rxd7 28. Rad1 {Re2 would now be nice for White.} Bh5 29. f3 Rhd6 30. Be6 $2 {[#]} (30. h4) 30... Rd8 (30... Nxf3+ $142 $1 31. gxf3 Rxd1 32. Bxd7 Rxe1+ 33. Kf2 Rb1) 31. Bg4 (31. Kh1 $142) 31... Bxg4 32. fxg4 {[#]} Kg7 (32... Nf3+ $142 $1 {[%mdl 512]} 33. Kf2 (33. gxf3 Rxd1) 33... Rxd1 34. Rxd1 Rxd1 35. Kxf3 Rd2) 33. Kf2 (33. Re7+ $142 Kf8 34. Rde1) 33... Kf6 34. Ke2 Ne4 35. Rxd6+ Nxd6 {[%mdl 4096] Endgame KRN-KR} 36. h3 $2 (36. Kf3 Nc4 37. Re2) 36... Re8+ 37. Kf2 Rxe1 38. Kxe1 {KN-KP} Ke5 39. b3 Ke4 40. Ke2 c5 41. h4 c4 42. h5 cxb3 43. axb3 h6 44. g5 hxg5 {Black mates.} 45. h6 Nf7 46. h7 Nh8 47. c4 g4 48. b4 f3+ 49. gxf3+ gxf3+ {KN-K3P} 50. Kf2 Kd4 51. c5 Kc4 52. Kxf3 Kxb4 53. Kf4 Kxc5 {KN-KP} 54. Kg5 a5 {[%cal Ba7a5,Ba5a4,Ba4a3,Ba3a2][%mdl 32]} 55. Kf6 a4 56. Kg7 a3 57. Kxh8 a2 {Accuracy: White = 38%, Black = 60%.} 0-1

[Event "Stay Safe Play From Home 229"]
[Site "Emanuel Lasker Arena"]
[Date "2020.06.16"]
[Round "6"]
[White "Rachomtbg"]
[Black "Mcpupple"]
[Result "0-1"]
[WhiteElo "1927"]
[BlackElo "1807"]
[Annotator "TA"]
[PlyCount "68"]
[EventDate "2020.06.16"]
[EventType "swiss (blitz)"]

{[%evp 9,68,64,66,48,62,62,86,83,137,135,376,345,321,339,739,459,537,539,865,915,842,318,637,600,597,575,3068,416,583,28,2134,2037,2149,0,1518,156,2580,2486,29994,12,8,8,8,14,6,-828,1824,662,29997,29998,29998,5483,5352,2002,29990,29991,29997,1607,1650,138,1106]} 1. e4 c6 2. d4 d5 3. Nd2 e6 4. Ngf3 g6 5. Bd3 Bg7 6. e5 {B12: Caro-Kann: Advance Variation.} Ne7 7. c3 O-O {[#]} 8. h4 $146 {White is better.} ({Predecessor:} 8. O-O Nd7 9. Re1 c5 10. Nf1 f6 11. exf6 Rxf6 12. dxc5 Nxc5 13. Bc2 Rf8 14. Be3 {1-0 (48) Reinke,M (1728)-Bigalke,M (1740) Playchess.com INT 2020}) 8... Nd7 (8... Qc7 $142) 9. h5 $16 f5 $2 (9... c5 $16) 10. hxg6 Nxg6 11. Nf1 {[%cal Bd2f1,Bf1g3,Bg3f5][%mdl 32]} Kf7 $2 (11... Qc7 12. Ng5 Ngxe5) 12. Ng3 Rh8 13. Ng5+ {[%mdl 64] [#] Double Attack} Kg8 14. Nxe6 Qe7 15. Ng5 $2 (15. Nxg7 Ndxe5 16. dxe5 Qxg7 17. Bh6 Qxe5+ 18. Kf1) 15... Nb6 $2 (15... f4 16. Bxg6 hxg6) 16. Qh5 f4 17. Nf5 Bxe5 18. dxe5 (18. Nxe7+ $142 Kf8 19. Nxc8 Bxd4 20. cxd4 Nxc8 21. Qh6+ Ke8 22. Bxg6+ {[%mdl 64] Pin} Kd8 23. Ne6+ {[%mdl 64] Double Attack} Kd7 24. Qg7+ {[%mdl 64] Double Attack} Ne7 25. Nc5+ {[%mdl 64] Double Attack} Kd8 26. Qxh8+ Kc7 27. Qxa8 {[%mdl 64] Double Attack} hxg6 28. Qxb7+ Kd8 29. Qd7#) 18... Qxe5+ (18... Bxf5 {was necessary.} 19. Bxf5 Qxe5+ 20. Ne4 Re8) 19. Kf1 $2 (19. Kd1 $18 Bxf5 20. Nf3) 19... f3 $2 {[%mdl 8192]} (19... Bxf5 $11 20. Bxf5 Qxf5) 20. Nh6+ $18 Kg7 21. Nf5+ Kg8 22. Nxh7 $2 (22. Nxf3 $18 {is more deadly.} Qc7 23. Be3) 22... fxg2+ $2 (22... Bxf5 $16 23. Qxf5 Rxh7 24. Rxh7 (24. Qxg6+ Rg7 $11) 24... Qxf5 25. Bxf5 Kxh7) 23. Kxg2 Nf4+ 24. Kf3 $2 (24. Bxf4 $1 {mates} Qg7+ 25. Nxg7 Bf5 26. Nxf5 Rxh7 {[%mdl 64] Remove Defender} 27. Qxh7+ {[%mdl 64] Double Attack} Kf8 28. Bh6+ Ke8 29. Qe7#) 24... Nxh5 $11 25. Nh6+ $40 {[%mdl 128] White is up to no good.} Kg7 26. Rg1+ {[#]} Ng3 $1 27. Bf4 $2 {[%mdl 8192]} (27. Rxg3+ $11 Qxg3+ 28. Kxg3 Rxh7 29. Bxh7 Kxh7 30. b3) (27. fxg3 Qh5+) 27... Qg5 $4 {[%mdl 8192]} (27... Qh5+ $19 28. Ke3 Re8+ 29. Kd2 Nc4+ 30. Kc1 Re4 31. Rxg3+ Kxh7) 28. Rxg3 (28. Bxg5 $142 Bg4+ 29. Kxg3 Rxh7 30. Bxh7 Kxh7 31. Kxg4) 28... Kxh6 29. Rxg5 Rxh7 30. Re5+ (30. Rh1+ $142 Bh3 31. Rxh3#) 30... Kg7 $18 31. Rg1+ (31. Re7+ $142 Kf6 32. Rxh7 Bg4+ 33. Kxg4) 31... Kf8 32. Bxh7 Nc4 33. Rg8+ (33. Bh6+ $142 Kf7 34. Bg8+ Kf6 35. Bg7#) 33... Kf7 34. Bg5 $2 (34. Reg5 $18 {has better winning chances.} Bg4+ 35. Kxg4 Rxg8 36. Bxg8+ Ke7 37. b3) 34... Be6 $2 {[%mdl 40960] Accuracy: White = 35%, Black = 18%. . Loss on time!?} (34... Nxe5+ $16 35. Kg3 Nd7) 0-1

[Event "Stay Safe Play From Home 229"]
[Site "Emanuel Lasker Arena"]
[Date "2020.06.16"]
[Round "6"]
[White "Haxhi Baha"]
[Black "SecantFX"]
[Result "1-0"]
[WhiteElo "1892"]
[BlackElo "1857"]
[Annotator "NA RC"]
[PlyCount "85"]
[EventDate "2020.06.16"]
[EventType "swiss (blitz)"]

1. e4 {[%emt 0:00:01]} b6 {[%emt 0:00:00]} 2. d4 {[%emt 0:00:01]} Bb7 {[%emt 0:00:00]} 3. Bd3 {[%emt 0:00:01]} g6 {[%emt 0:00:04]} 4. Qe2 {[%emt 0:00:01]} Bg7 {[%emt 0:00:00]} 5. c3 {[%emt 0:00:01]} e6 {[%emt 0:00:00]} 6. f4 {[%emt 0:00:01]} Ne7 {[%emt 0:00:00]} 7. Nf3 {[%emt 0:00:01]} O-O {[%emt 0:00:00]} 8. h4 {[%emt 0:00:01]} f5 {[%emt 0:00:00]} 9. h5 {[%emt 0:00:06]} fxe4 {[%emt 0:00:01]} 10. Bxe4 {[%emt 0:00:00]} Bxe4 {[%emt 0:00:01]} 11. Qxe4 {[%emt 0:00:00]} Nbc6 {[%emt 0:00:01]} 12. hxg6 {[%emt 0:00:01]} Nxg6 {[%emt 0:00:00]} 13. Ng5 {[%emt 0:00:01]} Nce7 {[%emt 0:00:08]} 14. g4 {[%emt 0:00:03]} d5 {[%emt 0:00:03]} 15. Qf3 {[%emt 0:00:05]} Qe8 {[%emt 0:00:03]} 16. Rxh7 {[%emt 0:00:01]} Rf6 {[%emt 0:00:03]} 17. Qg3 {[%emt 0:00:03]} Nf8 {[%emt 0:00:01]} 18. Rh1 {[%emt 0:00:04]} Qg6 {[%emt 0:00:01]} 19. Na3 {[%emt 0:00:02]} Rf5 {[%emt 0:00:02]} 20. gxf5 {[%emt 0:00:01]} Nxf5 {[%emt 0:00:01]} 21. Qh3 {[%emt 0:00:01]} Nd7 {[%emt 0:00:02]} 22. Bd2 {[%emt 0:00:02]} Kf8 {[%emt 0:00:03]} 23. Nc2 {[%emt 0:00:01]} Nf6 {[%emt 0:00:01]} 24. O-O-O {[%emt 0:00:01]} Ne4 {[%emt 0:00:01]} 25. Qh7 {[%emt 0:00:02]} Qxh7 {[%emt 0:00:03]} 26. Rxh7 {[%emt 0:00:01]} Nxg5 {[%emt 0:00:01]} 27. fxg5 {[%emt 0:00:00]} Kg8 {[%emt 0:00:01]} 28. g6 {[%emt 0:00:01]} Ne7 {[%emt 0:00:01]} 29. Bh6 {[%emt 0:00:02]} Bxh6+ {[%emt 0:00:02]} 30. Rxh6 {[%emt 0:00:00]} Kg7 {[%emt 0:00:00]} 31. Rdh1 {[%emt 0:00:00]} Nxg6 {[%emt 0:00:02]} 32. Rh7+ {[%emt 0:00:00]} Kf6 {[%emt 0:00:01]} 33. Rxc7 {[%emt 0:00:00]} Rg8 {[%emt 0:00:01]} 34. Rf1+ {[%emt 0:00:01]} Kg5 {[%emt 0:00:01]} 35. Rg1+ {[%emt 0:00:00]} Kf5 {[%emt 0:00:01]} 36. Ne3+ {[%emt 0:00:01]} Kf6 {[%emt 0:00:01]} 37. Kd2 {[%emt 0:00:00]} Rg7 {[%emt 0:00:02]} 38. Rf1+ {[%emt 0:00:01]} Kg5 {[%emt 0:00:06]} 39. Rxg7 {[%emt 0:00:01]} Kh6 {[%emt 0:00:00]} 40. Rxg6+ {[%emt 0:00:00]} Kxg6 {[%emt 0:00:01]} 41. Ng4 {[%emt 0:00:00]} Kg5 {[%emt 0:00:01]} 42. Ne5 {[%emt 0:00:00]} Kh4 {[%emt 0:00:01]} 43. Ke3 {[%emt 0:00:00] Time (Lag: Av=0.65s, max=1.1s)} 1-0

[Event "Stay Safe Play From Home 229"]
[Site "Emanuel Lasker Arena"]
[Date "2020.06.16"]
[Round "6"]
[White "Tartak"]
[Black "Bardellosport"]
[Result "0-1"]
[WhiteElo "1591"]
[BlackElo "2046"]
[Annotator "TA"]
[PlyCount "104"]
[EventDate "2020.06.16"]
[EventType "swiss (blitz)"]

{[%evp 9,104,24,46,-6,10,-57,-4,-2,6,-27,0,-20,10,-14,26,27,87,82,87,77,168,156,187,192,325,208,147,139,220,-98,-72,-264,33,42,286,231,216,161,131,-47,-47,-41,0,0,801,791,1277,445,393,211,29999,597,585,586,1075,949,997,749,770,769,814,533,610,505,791,732,703,442,1174,1154,1338,1202,1952,1841,29983,29984,29990,29991,29997,368,362,-661,-661,-945,-966,-690,-332,-300,-195,-564,-588,-1146,-634,-990,-596,-547,-470]} 1. e4 d6 2. Nf3 Nd7 3. d4 Ngf6 4. Bd3 e5 5. c3 Be7 6. Bg5 {B07: Pirc Defence: Miscellaneous Systems.} (6. Nbd2 $14) 6... O-O {[#]} 7. Na3 $146 (7. O-O $11) ({Predecessor:} 7. O-O c6 8. h3 Qc7 9. Nh2 Re8 10. Ng4 Nxg4 11. Qxg4 Nc5 12. dxc5 Bxg4 13. Bxe7 Qxe7 14. hxg4 {0-1 (14) Timmermann,H (1778)-Buecken,R (1963) Bad Neuenahr 2014}) 7... h6 (7... Nxe4 $15 8. Bxe7 Qxe7) 8. Bxf6 $11 {The position is equal.} Bxf6 9. Qc2 Qe7 10. Nc4 {[%cal Ba3c4,Bc4e3,Be3f5][%mdl 32]} c6 11. O-O-O b5 12. Ne3 $1 a5 (12... Nb6 $11) 13. Nf5 $36 {[%mdl 2048] Keeping Black busy.} Qe8 14. Nxd6 Qe7 (14... Qe6 $16 15. Nxc8 Rfxc8) 15. Nf5 $18 Qd8 16. h4 Nb6 (16... c5 $142 17. dxe5 (17. Bxb5 exd4 18. cxd4 cxd4 $16) 17... Nxe5) 17. g4 (17. Nxe5 Bxf5 18. exf5 Bxe5 $16) 17... Bxf5 18. gxf5 exd4 (18... Qc7 $16) 19. Rdg1 $2 (19. Nxd4 Qc7 $16) (19. e5 $18) 19... dxc3 $17 20. bxc3 $2 (20. e5 $17 {is a better defense.} cxb2+ 21. Kb1) 20... b4 $2 (20... Qd6 $19 {Strongly threatening ...Qf4+.} 21. e5 Bxe5 22. Nxe5 Qxe5) 21. e5 $14 {aiming for c4.} Be7 $2 {[#]} (21... Nd5 $14) 22. f6 $1 {[%mdl 512]} Bxf6 23. exf6 Qxf6 24. Bh7+ $2 (24. Rh3 $16 {Rhg3 is the strong threat.} Kh8 25. Ng5 Qxc3 26. Qxc3 bxc3 27. Ne4) 24... Kh8 $15 {[%mdl 1024] Black has compensation.} 25. Ng5 Qf4+ (25... hxg5 26. hxg5 Qxc3 27. Rg3 $18) ({But not} 25... Qxc3 $6 26. Qxc3 bxc3 27. Bc2 $14) 26. Kb1 {Hoping for Bg8!} f6 $2 {[%mdl 8192]} (26... Nd5 $11) 27. Ne6 $18 {[%mdl 64] Double Attack} Qd6 28. Nxf8 (28. Rxg7 $142 {Intending Bf5 and mate.} Qxe6 29. Bf5 Qxf5 30. Qxf5 Kxg7 31. Rg1+ Kf7 32. Qh5+ Ke6 33. Qc5 $1 {[%mdl 512]}) 28... Qxf8 29. Qg6 (29. c4 $142) 29... Qe8 $2 (29... Nd5 $18 30. Ka1 b3) 30. Qxe8+ (30. Qxg7# $142) 30... Rxe8 31. Bg6 Re7 32. h5 Nd5 33. Kc2 Kg8 34. c4 Nf4 35. Bd3 Kf7 36. c5 Nd5 (36... Nxd3 $142 37. Kxd3 Re5) 37. Bc4 Re5 38. Bxd5+ cxd5 (38... Rxd5 $142 39. Kb1 Rxc5) 39. Kd3 Rf5 40. Kd4 b3 41. c6 bxa2 42. c7 Re5 43. c8=Q Re7 {[#]} 44. Qe6+ $2 (44. Rxg7+ $1 {mates} Kxg7 45. Rg1+ Kh7 46. Qg8#) 44... Rxe6 45. Rxg7+ $4 {[%mdl 8192]} (45. Kxd5 $18 Re2 46. f4) 45... Kxg7 {[%mdl 4096] Endgame KR-KR} 46. Rg1+ Kf7 47. Ra1 Re5 (47... Re2 $142 48. f3 Ke6) 48. Rxa2 $19 Ke6 ({Don't take} 48... Rxh5 49. Rxa5 Rh4+ 50. Kd3 $19) 49. f4 $2 (49. Rxa5 {is a better chance.} Rxh5 50. Ra6+ Kf7 51. Ra1) 49... Re4+ {Black is clearly winning.} 50. Kc5 Rc4+ 51. Kb6 Rc1 52. Rxa5 Kf5 {Accuracy: White = 31%, Black = 20%.} 0-1

[Event "Stay Safe Play From Home 229"]
[Site "Emanuel Lasker Arena"]
[Date "2020.06.16"]
[Round "7"]
[White "Mepe_Nika"]
[Black "Haxhi Baha"]
[Result "0-1"]
[WhiteElo "2349"]
[BlackElo "1908"]
[Annotator "TA"]
[PlyCount "72"]
[EventDate "2020.06.16"]
[EventType "swiss (blitz)"]

{[%evp 11,72,5,54,50,46,52,59,28,33,0,21,21,136,-30,18,12,22,20,29,8,16,-323,-304,-347,-127,-117,70,71,89,73,62,-66,-12,-183,-41,-311,-321,-315,-313,-425,-421,-1638,-1619,-1567,-1570,-1784,-1692,-2004,-1927,-2829,-2754,-3338,-2795,-29988,-29989,-29989,-29989,-29990,-29991,-29993,-29991,-29995,-29991]} 1. b3 d5 2. Bb2 c5 3. f4 Nc6 4. Nf3 e6 5. e3 Nf6 6. Bb5 a6 (6... Bd7 {is interesting.} 7. O-O Be7 8. a4 O-O 9. Ne5 Nb4) 7. Bxc6+ $1 {A03: Bird's Opening with 1...d5.} bxc6 8. O-O Bd6 9. d3 {White is slightly better.} O-O 10. Nbd2 {[#]} a5 $146 (10... Ng4 $5 {[%cal Rg4e3]} 11. Qe2 f6 $11) ({Predecessor:} 10... Ng4 11. Qe1 f6 12. h3 Nh6 13. Rf2 Qc7 14. Nf1 Nf5 15. g4 Ne7 16. Rg2 d4 17. exd4 cxd4 18. Nxd4 {0-1 (98) Ries,J (2051)-Dietzen,C (2005) Germany 2018}) 11. Ne5 a4 (11... Nd7 $11) 12. Ndf3 $2 {[#]} (12. Nxc6 $16 Qc7 13. Bxf6 gxf6 14. Qg4+ Kh8 15. Qh4) 12... a3 13. Bc3 Qb6 14. Qe2 Ba6 15. g4 Ne4 16. Nd7 $2 {[%mdl 8192]} (16. Be1 $11 {and White is okay.}) 16... Nxc3 $19 17. Qd2 Qc7 $2 (17... Qb4 $19 {and Black stays clearly on top.} 18. Nxf8 Rxf8) 18. Nxf8 $17 {[#]} Nb5 $2 (18... d4 $1 $17 19. Nxh7 (19. exd4 $2 Nd5 $17) 19... Kxh7 20. Ng5+ Kg8) 19. Nxh7 $1 $14 ({Of course not} 19. c4 $6 Rxf8 20. cxb5 cxb5 $11) 19... Kxh7 20. Ng5+ Kg8 21. Rf3 (21. c4 $14) 21... e5 (21... Qe7 $15 22. Rh3 f6) 22. Qg2 $2 {Black converts the advantage convincingly.} (22. c4 $11 {and White stays safe.}) 22... Be7 ({And not} 22... exf4 23. Qh3 $14) (22... f6 $19 23. Ne6 Qe7) 23. Nh3 $2 {[%mdl 8192]} ({White should try} 23. Rh3 $1 $15 Bxg5 24. fxg5) 23... e4 $19 24. dxe4 dxe4 25. Rg3 Nc3 26. Rf1 (26. g5 $142 Ne2+ {[%mdl 64] Double Attack} 27. Kh1) 26... Bxf1 27. Qxf1 Nxa2 28. g5 Nb4 29. g6 fxg6 30. Ng5 a2 31. Qc4+ Nd5 32. Ne6 a1=Q+ {Black mates.} 33. Kg2 Qd6 34. Qxe4 Nf6 35. Qxg6 Nh5 36. Qxh5 Qxe6 {Accuracy: White = 31%, Black = 54%.} 0-1

[Event "Stay Safe Play From Home 229"]
[Site "Emanuel Lasker Arena"]
[Date "2020.06.16"]
[Round "7"]
[White "little champs"]
[Black "SoulofWolf"]
[Result "1-0"]
[WhiteElo "2301"]
[BlackElo "2205"]
[Annotator "TA"]
[PlyCount "51"]
[EventDate "2020.06.16"]
[EventType "swiss (blitz)"]

{[%evp 9,51,36,41,1,21,17,34,6,17,-9,4,-13,0,-4,4,-10,15,-75,30,0,0,1,0,0,0,-87,-16,0,34,4,4,11,327,312,399,314,316,312,385,340,29990,29991,29991,29992]} 1. d4 c6 2. e3 d5 3. Nf3 Nd7 4. Be2 g6 5. O-O Bg7 6. c3 {[#] D02: 1 d4 d5 2 Nf3 sidelines, including 2...Nf6 3 g3 and 2...Nf6 3 Bf4.} e6 $146 ({Predecessor:} 6... e5 7. dxe5 Nxe5 8. Nxe5 Bxe5 9. Nd2 Bg7 10. Nf3 f5 11. c4 Nf6 12. cxd5 Nxd5 {½-½ (26) Girod,G (1303)-Wernitz,A (1257) Bad Sooden 2011}) 7. c4 Ne7 8. cxd5 {White is slightly better.} exd5 9. Nc3 O-O 10. b3 h6 11. Bb2 Re8 12. Rc1 Nf8 13. e4 {[#]} (13. b4 $11) 13... Nh7 (13... dxe4 $1 $17 14. Nxe4 Nd5) 14. exd5 Nxd5 15. Nxd5 Qxd5 16. Bc4 Qd6 17. b4 (17. Ne5 $11 {remains equal.} Be6 18. f4) 17... Bg4 ({Better is} 17... Qxb4 $17 18. Ba1 Ng5) 18. Qb3 $11 Re7 {aiming for ...b5.} (18... Be6 {is more complex.} 19. b5 cxb5 20. Qxb5 Bxc4 21. Rxc4 Nf6) 19. Ne5 {[%cal Rc4f7]} Be6 20. b5 $36 {[%mdl 2048] White fights for an advantage.} Rc8 $2 {[%mdl 8192] This move loses the game for Black.} (20... cxb5 $11 {and Black stays safe.} 21. Qxb5 Bxc4 22. Nxc4 (22. Rxc4 Qb6 $11) (22. Qxc4 Ng5 $11) 22... Qd7) 21. Ba3 $18 Qxd4 22. Bxe7 Qxe5 23. Bxe6 fxe6 24. Rfe1 Qxb5 $2 (24... Qd5 $18 25. bxc6 Qxb3 26. axb3 bxc6 27. Rxe6 Kf7) 25. Qxe6+ {[%mdl 64] [#] Double Attack} Kh8 26. Qxc8+ {Accuracy: White = 45%, Black = 36%.} 1-0

[Event "Stay Safe Play From Home 229"]
[Site "Emanuel Lasker Arena"]
[Date "2020.06.16"]
[Round "7"]
[White "Bardellosport"]
[Black "Lamborghini"]
[Result "0-1"]
[WhiteElo "2048"]
[BlackElo "2241"]
[Annotator "TA"]
[PlyCount "64"]
[EventDate "2020.06.16"]
[EventType "swiss (blitz)"]

{[%evp 9,63,-13,-10,-6,-9,-20,-22,-34,-27,-64,-38,-79,-58,-54,-58,-54,0,-14,68,-59,25,18,247,247,248,231,256,224,275,152,208,84,104,100,108,86,91,-128,77,69,218,106,265,219,416,424,29999,-1348,-1416,-29991,-29992,-29996,-29997,-29998,-29999,-29999]} 1. e4 g6 2. d3 Bg7 3. Nd2 c5 4. Ngf3 Nc6 5. Be2 d6 6. O-O {B06: Modern Defence.} e5 7. c3 Nge7 8. Qc2 {The position is equal.} O-O {[#]} 9. Ne1 $146 ({Predecessor:} 9. Re1 h6 10. b3 d5 11. exd5 Nxd5 12. Bb2 Re8 13. Rad1 b6 14. Nc4 Nf4 15. Bf1 {0-1 (27) Klingher,D (2126)-Gupta,A (2634) London 2016}) 9... b6 10. g3 Bb7 11. Ng2 d5 12. f4 dxe4 13. dxe4 Rc8 (13... exf4 $11 14. Nxf4 Ne5) 14. Bc4 (14. f5 $14 gxf5 15. exf5) 14... Kh8 (14... exf4 $1 $15 15. Nxf4 Ne5) 15. f5 {Black must now prevent f6.} Na5 $2 (15... Qd6 $11 {and Black stays safe.}) 16. f6 $18 {[%mdl 64] [#] Double Attack} Nxc4 17. fxg7+ Kxg7 {Hoping for ...Nd6.} 18. Nxc4 f6 19. Qf2 ({White should try} 19. Rd1 $18 Qc7 20. Nd6) 19... Qc7 (19... Qd3 $16) 20. Nge3 (20. Re1 $18) 20... Bxe4 $16 21. b3 Ba8 22. Bb2 Qc6 {[%csl Ga8][%cal Rc6h1]} 23. Qe2 $2 (23. Qg2 $16) 23... Rcd8 $2 (23... Qh1+ $17 {stays on course.} 24. Kf2 Qxh2+ 25. Ke1 Qxg3+ 26. Qf2 Qxf2+ 27. Kxf2 Rcd8) 24. Kf2 f5 ({Better is} 24... b5 $14) 25. Ke1 (25. Nxe5 $18 Qe4 26. c4) 25... f4 $2 (25... Qe6 $16) 26. Ng4 f3 $2 (26... Qe4) 27. Qxe5+ $18 {[%mdl 64] [#] Double Attack} Kg8 (27... Kf7 $18 28. Kf2 Qe4 29. Qxe4 Bxe4) 28. Nf6+ $4 {[%mdl 8192]} (28. Nh6# {is the narrow road to win.}) 28... Rxf6 $19 29. Qxe7 Re6+ {Black mates.} 30. Qxe6+ Qxe6+ 31. Kf2 Qe2+ 32. Kg1 Qg2# {Accuracy: White = 44%, Black = 31%.} 0-1